Янковский М. М.

Доступно только в Электронных читальных залах Найти на картеНа карте
RUSMARC
00003937nmc2a22002771x 450
0011993323d-c25e-4414-a333-87740c7e047b
00520130903042531.0
100##$a20130731l19051915k y0rusy50 ca
1010#$arus
102##$aRU
105##$ay z |||||
2001#$aЯнковский М. М.
$j6 августа 1905 - 25 сентября 1915
215##$a71 лист
$cмарки
251##$cДело
300##$aЗаголовок дела на папке: Письма Янковского Михаила Михайловича Никольскому Борису Владимировичу
300##$a20 писем
300##$aРукописный текст
330##$aА. Переписка; 1. Письма к Б. В. Никольскому; (Геерлингер И., Мичерлинг А. А.) см. № 495
461#0$10011c5950b4-9b17-43ad-92f1-e565a07ae223
$12001
$aНикольский Борис Владимирович, историк права, профессор Юрьевского и Петербургского университетов, один из руководителей главного совета "Русского собрания", поэт, критик
$1251
$cФонд
$1852
$j588
462#0$1001855f2cb0-80f8-42f6-88fa-41bf4837b2b7
$12001
$aНикольский Борис Владимирович. 1837-1919 гг.
$1251
$cОпись
$1852
$j1
517##$aПисьма Янковского Михаила Михайловича Никольскому Борису Владимировичу
600#1$aНикольский
$bБ. В.
$gБорис Владимирович
600#1$aЯнковский
$bМ. М.
$gМихаил Михайлович
801#0$aRU
$bGA_RF
801#1$aRU
$bНПО Опыт
$c20130731
$2rusmarc
801#2$aRU
$bПБ им. Б.Н. Ельцина
$c20130903
$gRCR
$2rusmarc
852##$aГА РФ
$j920
937##$d31250999
$hПБ
035##$aRuPRLIB51010707
Формат отображения